| Tag |
First Indicator |
Second Indicator |
Subfields |
| LEADER |
00000cjm a22000001a 4500 |
| 001 |
in00002780183 |
| 005 |
20151202171356.0 |
| 007 |
sd fsngnnmmned |
| 008 |
030305s2001 njusgnna d n eng d |
| 010 |
|
|
|a 2003566697
|
| 019 |
|
|
|a 760065911
|
| 020 |
|
|
|a 1563461056
|
| 020 |
|
|
|a 9781563461057
|
| 024 |
1 |
0 |
|a 758292916126
|
| 028 |
0 |
2 |
|a KIM 9161CD
|b Kimbo
|
| 028 |
0 |
2 |
|a KIM 9161CD
|b Kimbo Educational
|
| 028 |
0 |
2 |
|a KIM 9161 CD
|b Kimbo
|
| 035 |
|
|
|a (OCoLC)ocm47017540
|
| 035 |
|
|
|a (OCoLC)47017540
|z (OCoLC)760065911
|
| 040 |
|
|
|a IVJ
|c IVJ
|d DLC
|d OCLCQ
|d GK8
|d UPZ
|d OTP
|d TEF
|d GAP
|d JSE
|d TXA
|d UtOrBLW
|
| 042 |
|
|
|a lcderive
|
| 049 |
|
|
|a TXAM
|
| 050 |
0 |
0 |
|a SDA 60726
|
| 050 |
1 |
4 |
|a M1997
|b .F68 2001
|
| 082 |
0 |
4 |
|a 782.42083
|2 22
|
| 084 |
|
|
|a JCD/ZM/FOUR/FBB
|2 z
|
| 090 |
|
|
|a M1992
|b .F68 2001
|
| 245 |
0 |
0 |
|a Four baby bumblebees.
|
| 246 |
3 |
|
|a 4 baby bumblebees
|
| 264 |
|
1 |
|a Long Branch, NJ :
|b Kimbo Educational,
|c [2001]
|
| 264 |
|
4 |
|c ℗2001
|
| 300 |
|
|
|a 1 sound disc :
|b digital ;
|c 4 3/4 in.
|
| 336 |
|
|
|a performed music
|b prm
|2 rdacontent
|
| 337 |
|
|
|a audio
|b s
|2 rdamedia
|
| 338 |
|
|
|a audio disc
|b sd
|2 rdacarrier
|
| 500 |
|
|
|a Compact disc.
|
| 508 |
|
|
|a Produced by James Kimble ; musical arrangements, Dennis Buck ; extension activities & literature links by Ronnie Silverstone & Sheryl Rasmussen.
|
| 511 |
0 |
|
|a Vocals by Al Dana, Vivian Cherry, Joey Diconcetto, Dennis Hall, Juliette Hall, Fred Stark, Christina Kimble.
|
| 518 |
|
|
|a Recorded at Dubway Studios, NYC.
|
| 505 |
0 |
0 |
|t Wonderful thing about tiggers --
|t Who's afraid of the big bad wolf? --
|t Whistle while you work --
|t Be my little baby bumblebee ; Bringing home a baby bumblebee --
|t Looby loo --
|t Do-re-mi --
|t Animal fair --
|t Eensy weensy spider --
|t Skip to my Lou -- Pop goes the weasel -- Shoo! Fly, don't bother me -- Alouette -- On the good ship Lollipop --
|t Hichory dickory dock --
|t Clap hands --
|t One potato ;
|t Pease porridge hot --
|t Did you ever see a lassie? --
|t Green bottles --
|t Oats, peas, beans & barley grow --
|t Bushel and a peck --
|t Hush, little baby.
|
| 520 |
|
|
|a Twenty-one favorite children's songs to sing along with.
|
| 500 |
|
|
|a Sound recording.
|
| 650 |
|
0 |
|a Children's songs.
|
| 650 |
|
0 |
|a Games with music.
|
| 650 |
|
1 |
|a Songs.
|
| 700 |
1 |
|
|a Dana, Al.
|
| 700 |
1 |
|
|a Cherry, Vivian.
|
| 700 |
1 |
|
|a DiConcetto, Joey.
|
| 700 |
1 |
|
|a Hall, Dennis.
|
| 700 |
1 |
|
|a Hall, Juliette.
|
| 700 |
1 |
|
|a Stark, Fred.
|
| 700 |
1 |
|
|a Kimble, Christina.
|
| 948 |
|
|
|a cataloged
|b h
|c 2012/6/18
|d c
|e jstorlie
|f 12:16:47 pm
|
| 994 |
|
|
|a C0
|b TXA
|
| 999 |
|
|
|a MARS
|
| 999 |
f |
f |
|s 797597b3-6eb3-3305-b718-6f4aef8ed044
|i 73558e93-1b40-3aa8-a45b-ee397a2c3c3c
|t 0
|
| 952 |
f |
f |
|p ric
|a Texas A&M University
|b Rellis Campus
|c Joint Library Facility
|d Remote Storage
|t 0
|e M1992 .F68 2001
|h Library of Congress classification
|i audio -- audio disc
|m A14841433162
|
| 998 |
f |
f |
|a M1992 .F68 2001
|t 0
|l Remote Storage
|